Введение в банковское дело (Запис № 307547)

МАРК-запис
000 -Лідер
fixed length control field 00660nam a22002417a 4500
001 - Контрольний номер
control field 21352
003 - Ідентифікатор контрольного номера
control field UA-OsUOA
005 - Дата та час останнього входження (трансакції)
control field 20230918165521.0
007 - Фіксоване поле фізичного опису
fixed length control field ta
008 - Елементи даних фіксованої довжини – загальна інформація
fixed length control field 20031129b un ||||| |||| 00| 0 ukr d
040 ## - Джерело каталогізації
Агенція оригінальної каталогізації UA-OsUOA
Мова каталогізації rus
Агенція, яка здійснювала перезапис UA-OsUOA
Агенція, яка здійснювала модифікацію UA-OsUOA
041 ## - Код мови
Код мови тексту/ звукової доріжки чи окремого заголовка (П) rus
044 ## - Код країни видавця/ виробника
Код країни видавця/ виробника (П) RU
080 ## - Індекс Універсальної десяткової класифікації
Індекс Універсальної десяткової класифікації (УДК) (НП) 336
090 ## - Локальний шифр розміщення
Класифікаційний індекс УДК 336
Авторський знак (НП) В24
245 ## - Відомості про назву
Назва (НП) Введение в банковское дело
Дані про відповідальність (НП) Т. Амели и др. ; науч. ред. Ю. Б. Рубин
260 ## - Публікація, розповсюдження і т.п. (Вихідні дані)
Місце публікації, розповсюдження і т.п. (П) Москва
Дата публікації, розповсюдження і т.п. (П) 1997
300 ## - Фізичний опис
Обсяг 512 с.
650 #7 - Додаткове предметне введення – тематичний термін
Джерело заголовка чи терміна UDC
942 ## - Додаткові елементи входу (Коха)
Тип елемента Koha Книги
Source of classification or shelving scheme Universal Decimal Classification
955 ## - Код типу видання за змістом
Код типу видання за змістом (НП) інше
Фонди
Стан вилучень Стан втрат Джерело класифікації або схеми стелажів Стан уражень Не для кредиту Постійне місце розташування Поточне розміщення Дата придбання Вартість, звичайна ціна покупки Інвентарний номер Усього замовленно Повний номер виклику Штрих-код Дата останнього перегляду Ціна ефективна від Тип елемента Koha
    Universal Decimal Classification     ЧЗ - Читальна зала ЧЗ - Читальна зала 29/11/2003 35.15 65806   336 В24 65806 06/02/2022 29/11/2003 Книги
    Universal Decimal Classification     ЧЗ - Читальна зала ЧЗ - Читальна зала 29/11/2003 35.15 65807   336 В24 65807 06/02/2022 29/11/2003 Книги
    Universal Decimal Classification     ЧЗ - Читальна зала ЧЗ - Читальна зала 29/11/2003 35.15 65808   336 В24 65808 05/02/2022 29/11/2003 Книги
    Universal Decimal Classification     ЧЗ - Читальна зала ЧЗ - Читальна зала 29/11/2003 4.00 65809   336 В24 65809 06/02/2022 29/11/2003 Книги
    Universal Decimal Classification     ЧЗ - Читальна зала ЧЗ - Читальна зала 18/09/2022       336 В24 92048 18/09/2023 18/09/2023 Книги